al-Qawmīyah al-ʻArabīyah wa-dawr al-tarbiyah fī taḥqīqihā. (Record no. 50801)

MARC details
000 -LEADER
fixed length control field 00700cam a22002411 4500
001 - CONTROL NUMBER
control field ne 68003605
003 - CONTROL NUMBER IDENTIFIER
control field DLC
005 - DATE AND TIME OF LATEST TRANSACTION
control field 20260227111847.0
008 - FIXED-LENGTH DATA ELEMENTS--GENERAL INFORMATION
fixed length control field 890401s1966 xx b 000 0 ara
010 ## - LIBRARY OF CONGRESS CONTROL NUMBER
LC control number ne 68003605
035 ## - SYSTEM CONTROL NUMBER
System control number (OCoLC)23512648
040 ## - CATALOGING SOURCE
Original cataloging agency DLC
Transcribing agency MiU
Modifying agency DLC
042 ## - AUTHENTICATION CODE
Authentication code premarc
050 00 - LIBRARY OF CONGRESS CALL NUMBER
Classification number DS63.6
Item number .Y85
100 1# - MAIN ENTRY--PERSONAL NAME
Personal name Yūsuf, Yūsuf Khalīl.
245 13 - TITLE STATEMENT
Title al-Qawmīyah al-ʻArabīyah wa-dawr al-tarbiyah fī taḥqīqihā.
260 ## - PUBLICATION, DISTRIBUTION, ETC.
Date of publication, distribution, etc. 1966 [cover 1967]
300 ## - PHYSICAL DESCRIPTION
Extent 284 p.
Other physical details fold. map.
Dimensions 25 cm.
500 ## - GENERAL NOTE
General note Romanized.
650 #0 - SUBJECT ADDED ENTRY--TOPICAL TERM
Topical term or geographic name entry element Nationalism
Geographic subdivision Arab countries.
650 #0 - SUBJECT ADDED ENTRY--TOPICAL TERM
Topical term or geographic name entry element Nationalism and education
Geographic subdivision Arab countries.
830 #0 - SERIES ADDED ENTRY--UNIFORM TITLE
Uniform title Maktabah al-ʻArabīyah ;
Volume/sequential designation 49.

No items available.

Powered by Koha